Obra poética 1923-1997
Đã lưu trong:
| Tác giả chính: | |
|---|---|
| Định dạng: | Không biết |
| Ngôn ngữ: | Spanish |
| Được phát hành: |
Madrid, España
Alianza Editorial
1983
|
| Phiên bản: | 3. edición |
| Loạt: | Colección Obra poética
|
| Những chủ đề: | |
| Các nhãn: |
Thêm thẻ
Không có thẻ, Là người đầu tiên thẻ bản ghi này!
|
MARC
| LEADER | 000000000a22000000004500 | ||
|---|---|---|---|
| 001 | 001856 | ||
| 003 | CIICLA | ||
| 005 | 20140128110225.0 | ||
| 007 | ta | ||
| 008 | 140128t1983 es |||g |||| 001 p spa d | ||
| 020 | |a 8420630489 | ||
| 040 | |c cru CIICLA Universidad de Costa Rica | ||
| 041 | 0 | |a español | |
| 092 | 0 | |a Ar861.4 B732o3 | |
| 100 | 1 | |a Borges, Jorge Luis |d 1899-1986 | |
| 245 | 1 | 0 | |a Obra poética |b 1923-1997 |c Jorge Luis Borges |
| 250 | |a 3. edición | ||
| 260 | |a Madrid, España |b Alianza Editorial |c 1983 | ||
| 300 | |a 559 páginas | ||
| 490 | 0 | |a Colección Obra poética |x 48 | |
| 500 | |a número de inscripción 00876 -- Incluye un índice | ||
| 650 | 4 | |a LITERATURA ARGENTINA |v POESIA | |
| 942 | |2 ddc |c BK | ||
| 999 | |c 2749 |d 2749 | ||



